000 02195nam a2200301Ia 4500
999 _c49633
_d49633
001 16565
003 GE_BSU
005 20250211112626.0
008 181216s2015||||ge |||||||||||||| ||geo||
020 _a9789941240348
040 _cGE_BSU
041 _ageo
080 _a27-526.62 ღ-70
245 _aღირსი მამა პახომი დიდი ; არქიმანდრიტი ქერუბინი "ნოსტალგიური მოგონებები ათონის წმინდა მთაზე" /
_cშემდგენელი კახაბერ კენკიშვილი ; გარეკანის დიზაინი ეთერ გზირიშვილი.
264 _aთბილისი :
_bპალიტრა L,
_c2015.
300 _a230 გვ. ;
_c20 სმ.
490 _aსაქართველოს იმედი II : ყველა წმინდანი, რომელთა შესახებაც უნდა იცოდე / პროექტის რედაქტორი თამარ მამაცაშვილი.
_vწიგნი 26
500 _aიბეჭდება სრულიად საქართველოს კათოლიკოს-პატრიარქის, უწმინდესისა და უნეტარესის ილია II-ის ლოცვა-კურთხევით
541 _h2ლ.
653 _aრელიგია
653 _aღირსი მამა პახომი დიდი
653 _aარქიმანდრიტი ქერუბინი
653 _a"ნოსტალგიური მოგონებები ათონის წმინდა მთაზე"
700 _aკენკიშვილი, კახაბერ
_eშემდგენელი
_924315
700 _aმამაცაშვილი, თამარ
_eპროექტის რედაქტორი
_924316
700 _aგზირიშვილი, ეთერ
_eგარეკანის დიზაინერი
_924317
942 _cBK
_2udc